Southville International School and Colleges
Your cart is empty.
  • Cart
  • Lists
    Public lists Eva Luna New books Lux_list list_1
    Your lists Log in to create your own lists
  • Log in to your account
  • Your cookies
  • Search history
Southville International School and Colleges
  • Advanced search
  • Recent comments
  • Most popular
  • Libraries

Log in to your account

Log in with GOOGLE


If you do not have an external account, but do have a local account, you can still log in:

  1. Home
  2. MARC view: The No-cry discipline solution:
Normal view MARC view ISBD view

The No-cry discipline solution: (Record no. 24300)

[ view plain ]
MARC details
000 -LEADER
fixed length control field 00611nam a2200193 a 4500
005 - DATE AND TIME OF LATEST TRANSACTION
control field 20140310183516.0
008 - FIXED-LENGTH DATA ELEMENTS--GENERAL INFORMATION
fixed length control field 110104s19uu xx 00 eng d
020 ## - INTERNATIONAL STANDARD BOOK NUMBER
International Standard Book Number 9780071471596
050 ## - LIBRARY OF CONGRESS CALL NUMBER
Classification number HQ 770.4
Item number .P364 2007
100 ## - MAIN ENTRY--PERSONAL NAME
Personal name Pantley, Elizabeth
245 ## - TITLE STATEMENT
Title The No-cry discipline solution:
Remainder of title genlte ways to encourage good behavior without whining, tantrums and tears /
Statement of responsibility, etc Elizabeth Pantley
260 ## - PUBLICATION, DISTRIBUTION, ETC. (IMPRINT)
Place of publication, distribution, etc New York :
Name of publisher, distributor, etc McGrawHill,
Date of publication, distribution, etc 2007.
300 ## - PHYSICAL DESCRIPTION
Extent 293 p. :
Other physical details ill. ;
Dimensions 21 cm.
521 ## - TARGET AUDIENCE NOTE
Target audience note
650 ## - SUBJECT ADDED ENTRY--TOPICAL TERM
Topical term or geographic name as entry element Discipline of children.
650 ## - SUBJECT ADDED ENTRY--TOPICAL TERM
Topical term or geographic name as entry element Parenting.
942 ## - ADDED ENTRY ELEMENTS (KOHA)
Koha item type Books
Source of classification or shelving scheme Library of Congress Classification
Call number prefix Foreign
Holdings
Withdrawn status Lost status Source of classification or shelving scheme Damaged status Home library Current library Shelving location Date acquired Source of acquisition Cost, normal purchase price Total Checkouts Full call number Barcode Date last seen Copy number Price effective from Koha item type
    Library of Congress Classification   College Library College Library General Circulation Section 01/04/2011   779.00   HQ 770.4 .P364 2007 C11882 05/15/2018 1 10/18/2013 Books

The No-cry discipline solution:

APA

Pantley E., . (2007). The No-cry discipline solution. New York: McGrawHill.

Chicago

Pantley Elizabeth, . 2007. The No-cry discipline solution. New York: McGrawHill.

Harvard

Pantley E., . (2007). The No-cry discipline solution. New York: McGrawHill.

MLA

Pantley Elizabeth, . The No-cry discipline solution. New York: McGrawHill. 2007.

  • Place hold
  • Print
  • Cite
  • Add to your cart (remove)
  • Save record
    BIBTEX Dublin Core MARCXML MARC (non-Unicode/MARC-8) MARC (Unicode/UTF-8) MARC (Unicode/UTF-8, Standard) MODS (XML) RIS
  • More searches
    Search for this title in:
    Other Libraries (WorldCat) Other Databases (Google Scholar) Online Stores (Bookfinder.com) Open Library (openlibrary.org)

Exporting to Dublin Core...

SOUTHVILLE LIBRARY

Southville International School and Colleges Library

1281 Tropical Ave. Cor. Luxembourg St., BF Homes International, Las Pinas City

Tel. No. 8256374 / 252358 Loc. 117/146

Powered by Koha